Reading is funny! :motivating kids to read with riddles(E-BOOK) (Record no. 193066)

000 -LEADER
fixed length control field 01705 a2200277 4500
003 - CONTROL NUMBER IDENTIFIER
control field Nust
005 - DATE AND TIME OF LATEST TRANSACTION
control field 20170207154050.0
010 ## - LIBRARY OF CONGRESS CONTROL NUMBER
LC control number 2008000980
020 ## - INTERNATIONAL STANDARD BOOK NUMBER
International Standard Book Number 0838909574 (alk. paper)
020 ## - INTERNATIONAL STANDARD BOOK NUMBER
International Standard Book Number 9780838909577 (alk. paper)
035 ## - SYSTEM CONTROL NUMBER
System control number (OCoLC)180880673
035 ## - SYSTEM CONTROL NUMBER
System control number (OCoLC)ocn180880673
040 ## - CATALOGING SOURCE
Transcribing agency Nust
082 00 - DEWEY DECIMAL CLASSIFICATION NUMBER
Classification number 027.80973
100 1# - MAIN ENTRY--PERSONAL NAME
Personal name Anderson, Dee.
245 10 - TITLE STATEMENT
Title Reading is funny! :motivating kids to read with riddles(E-BOOK)
Statement of responsibility, etc. Dee Anderson.
260 ## - PUBLICATION, DISTRIBUTION, ETC.
Place of publication, distribution, etc. Chicago :
Name of publisher, distributor, etc. American Library Association,
Date of publication, distribution, etc. 2009.
300 ## - PHYSICAL DESCRIPTION
Extent xi, 216 p. :
Other physical details ill. ;
Dimensions 28 cm.
505 0# - FORMATTED CONTENTS NOTE
Formatted contents note Bulletin boards that promote reading -- Encouraging children to share riddles -- Games to play with riddles -- Using riddles for public relations -- Sharing riddles through puppets -- Do it yourself! : how to make up riddles and keep a riddle file -- Laugh lines : riddles about literacy -- Laughing at "our-shelves" : riddles about specific books -- The loony library : riddles for loony library bulletin boards and games -- Merry menagerie : riddles about animals and zoos -- "'Hoppy' birthday!" : riddles about birthdays -- Frightfully funny : riddles about creepy creatures -- "'Hoppy' holidays!" : riddles about holidays and seasons -- Fun(ny) and games : riddles about sports -- Talking turnips : riddles for talking turnip bulletin boards, games, and story -- Odds and ends : riddles about popular subjects.
650 #0 - SUBJECT ADDED ENTRY--TOPICAL TERM
Topical term or geographic name entry element Reading promotion
Geographic subdivision United States.
650 #0 - SUBJECT ADDED ENTRY--TOPICAL TERM
Topical term or geographic name entry element Riddles, Juvenile.
650 #0 - SUBJECT ADDED ENTRY--TOPICAL TERM
Topical term or geographic name entry element School libraries
General subdivision Activity programs
Geographic subdivision United States.
650 #0 - SUBJECT ADDED ENTRY--TOPICAL TERM
Topical term or geographic name entry element Wit and humor in education.
651 ## - SUBJECT ADDED ENTRY--GEOGRAPHIC NAME
Geographic name E-BOOK
856 41 - ELECTRONIC LOCATION AND ACCESS
Materials specified Table of contents only
Uniform Resource Identifier <a href="http://www.loc.gov/catdir/toc/ecip088/2008000980.html">http://www.loc.gov/catdir/toc/ecip088/2008000980.html</a>
942 ## - ADDED ENTRY ELEMENTS (KOHA)
Source of classification or shelving scheme
Koha item type Book
Holdings
Withdrawn status Lost status Source of classification or shelving scheme Damaged status Not for loan Collection code Permanent Location Current Location Date acquired Total Checkouts Full call number Barcode Date last seen Price effective from Koha item type
            Military College of Signals (MCS) Military College of Signals (MCS) 12/12/2016   027.80973 AND MCSEB-2843 12/08/2016 12/12/2016 Book
© 2023 Central Library, National University of Sciences and Technology. All Rights Reserved.